| 000 | 00565cab a2200181 4500 | ||
|---|---|---|---|
| 001 | L129780 | ||
| 008 | 050519n2005 000 0 eng u | ||
| 035 | _a(Sirsi) u129780 | ||
| 041 | _aeng | ||
| 110 |
_aEmap Glenigan _94719 |
||
| 245 | _aTop quantity surveyors 1 April 2004 - 31 March 2005 | ||
| 260 | _c2005 | ||
| 490 |
_aBuilding _v270(8379) 29 April 2005, 20(1) |
||
| 520 | _aDavis Langdon continues to head "Building's" top 20 quantity surveyors for the year to 31 March 2005. | ||
| 590 | _aIKA190505 | ||
| 690 |
_aQuantity surveying _96263 |
||
| 942 | _n0 | ||
| 999 |
_c75269 _d75269 |
||